[Event "FICGS rapid A 000265 email"]
[Site "FICGS email"]
[Date "2021.01.23"]
[Round "1"]
[White "Gossmann, Ewald J"]
[Black "Cookson, Timothy"]
[Result "0-1"]
[WhiteElo "2000"]
[BlackElo "2189"]
[PlyCount "46"]
[EventDate "2021.??.??"]
[EventType "tourn (rapid)"]
[EventRounds "6"]
[SourceTitle "Corr 2022"]
[Source "ChessBase"]
[SourceDate "2021.10.24"]
[SourceVersion "1"]
[SourceVersionDate "2021.10.24"]
[SourceQuality "1"]

1. e4 c5 2. Nf3 d6 3. d4 cxd4 4. Nxd4 Nf6 5. Nc3 Nc6 6. Bg5 e6 7. Qd2 a6 8. 0-0-0 Bd7 9. f4 h6 10. Bh4 Be7 11. Nf3 Qc7 12. Rg1 0-0-0 13. Kb1 Kb8 14. Bg3 Bc8 15. Bc4 d5 16. exd5 Nb4 17. Bb3 Nbxd5 18. Nxd5 exd5 19. f5 Bd6 20. Bxd6 Qxd6 21. g4 g6 22. fxg6 fxg6 23. Bxd5 Nxd5 0-1

[Event "FICGS rapid M 000111 email"]
[Site "FICGS email"]
[Date "2020.01.03"]
[Round "1"]
[White "Slawomir, Weglicki"]
[Black "Cookson, Timothy"]
[Result "0-1"]
[WhiteElo "2129"]
[BlackElo "2177"]
[PlyCount "68"]
[EventDate "2020.??.??"]
[EventType "tourn (rapid)"]
[EventRounds "6"]
[SourceTitle "Corr 2022"]
[Source "ChessBase"]
[SourceDate "2021.10.24"]
[SourceVersion "1"]
[SourceVersionDate "2021.10.24"]
[SourceQuality "1"]

1. e4 c5 2. d3 Nc6 3. g3 Nf6 4. Bg2 d5 5. exd5 Nxd5 6. Nf3 g6 7. 0-0 Bg7 8. Nbd2 0-0 9. Nc4 b5 10. Ne3 Nb6 11. Ng5 Bd7 12. Ne4 Na4 13. Rb1 Rc8 14. Re1 f5 15. Ng5 e6 16. f4 Nb4 17. a3 Na2 18. Qd2 Re8 19. c3 b4 20. axb4 cxb4 21. cxb4 Qb6 22. Kh1 Nxb4 23. Nc4 Qb8 24. Rd1 a5 25. Qe2 Bb5 26. Be3 h6 27. Nf3 Nxd3 28. Qxd3 Rxc4 29. Qd2 Bc6 30. Qxa5 Nxb2 31. Ne5 Bxg2+ 32. Kxg2 Bxe5 33. fxe5 Qb7+ 34. Kg1 Qf3 0-1

[Event "FICGS rapid M 000109 email"]
[Site "FICGS email"]
[Date "2019.10.15"]
[Round "1"]
[White "Cookson, Timothy"]
[Black "Lubas, Jozef"]
[Result "1/2-1/2"]
[WhiteElo "2160"]
[BlackElo "2168"]
[PlyCount "70"]
[EventDate "2019.??.??"]
[EventType "tourn (rapid)"]
[EventRounds "6"]
[SourceTitle "Corr 2022"]
[Source "ChessBase"]
[SourceDate "2021.10.24"]
[SourceVersion "1"]
[SourceVersionDate "2021.10.24"]
[SourceQuality "1"]

1. e4 c5 2. Nf3 d6 3. d4 cxd4 4. Nxd4 Nf6 5. Nc3 a6 6. Be3 e6 7. f3 b5 8. a3 Bb7 9. g4 h6 10. Qd2 Nc6 11. 0-0-0 d5 12. Nxc6 Bxc6 13. exd5 Nxd5 14. Nxd5 Bxd5 15. Bg2 b4 16. f4 bxa3 17. b3 Be7 18. Bxd5 exd5 19. Qxd5 0-0 20. Qe5 Qe8 21. Bd4 f6 22. Qe6+ Rf7 23. Rhe1 Qc8 24. c3 Bb4 25. Re3 Qxe6 26. Rxe6 Rc7 27. Rd3 Bf8 28. Rd1 Rb7 29. Kc2 Kf7 30. Rb6 Rxb6 31. Bxb6 Rb8 32. Be3 f5 33. h3 Re8 34. Rd7+ Kg8 35. Bd2 fxg4 1/2-1/2

[Event "FICGS rapid M 000109 email"]
[Site "FICGS email"]
[Date "2019.10.15"]
[Round "1"]
[White "Farnik, Kym"]
[Black "Cookson, Timothy"]
[Result "1/2-1/2"]
[WhiteElo "2123"]
[BlackElo "2160"]
[PlyCount "61"]
[EventDate "2019.??.??"]
[EventType "tourn (rapid)"]
[EventRounds "6"]
[SourceTitle "Corr 2022"]
[Source "ChessBase"]
[SourceDate "2021.10.24"]
[SourceVersion "1"]
[SourceVersionDate "2021.10.24"]
[SourceQuality "1"]

1. d4 d5 2. c4 c6 3. Nf3 Nf6 4. e3 e6 5. Bd3 Nbd7 6. b3 Bd6 7. Bb2 0-0 8. Nbd2 b6 9. 0-0 Bb7 10. Re1 c5 11. e4 dxe4 12. Nxe4 Be7 13. Qe2 cxd4 14. Nxd4 Qc8 15. Rad1 a6 16. Nf3 h6 17. Ne5 Nxe5 18. Bxe5 Bxe4 19. Bxe4 Ra7 20. Bf3 Rd7 21. Rxd7 Nxd7 22. Bd4 a5 23. Rd1 Rd8 24. Qb2 Bf6 25. g3 Qc7 26. Kg2 Rc8 27. h4 Bxd4 28. Qxd4 Ne5 29. Be2 Kf8 30. f4 Nc6 31. Qd7 1/2-1/2

[Event "FICGS rapid M 000109 email"]
[Site "FICGS email"]
[Date "2019.10.15"]
[Round "1"]
[White "Kuhne, Detlev"]
[Black "Cookson, Timothy"]
[Result "1/2-1/2"]
[WhiteElo "2275"]
[BlackElo "2160"]
[PlyCount "45"]
[EventDate "2019.??.??"]
[EventType "tourn (rapid)"]
[EventRounds "6"]
[SourceTitle "Corr 2022"]
[Source "ChessBase"]
[SourceDate "2021.10.24"]
[SourceVersion "1"]
[SourceVersionDate "2021.10.24"]
[SourceQuality "1"]

1. e4 c5 2. Nf3 Nc6 3. d4 cxd4 4. Nxd4 Nf6 5. Nc3 d6 6. Bg5 e6 7. Qd2 a6 8. 0-0-0 Bd7 9. f4 h6 10. Bh4 b5 11. Bxf6 gxf6 12. f5 Qb6 13. Nxc6 Bxc6 14. Kb1 h5 15. fxe6 fxe6 16. Qe1 0-0-0 17. Bd3 Rg8 18. Ne2 Bh6 19. Qc3 Rdf8 20. g3 Qc5 21. Qe1 h4 22. gxh4 Kd7 23. b4 1/2-1/2

[Event "FICGS rapid M 000109 email"]
[Site "FICGS email"]
[Date "2019.10.15"]
[Round "1"]
[White "Yarkov, Evgeny"]
[Black "Cookson, Timothy"]
[Result "1/2-1/2"]
[WhiteElo "2155"]
[BlackElo "2160"]
[PlyCount "66"]
[EventDate "2019.??.??"]
[EventType "tourn (rapid)"]
[EventRounds "6"]
[SourceTitle "Corr 2022"]
[Source "ChessBase"]
[SourceDate "2021.10.24"]
[SourceVersion "1"]
[SourceVersionDate "2021.10.24"]
[SourceQuality "1"]

1. e4 c5 2. Nf3 Nc6 3. d4 cxd4 4. Nxd4 Nf6 5. Nc3 d6 6. Bg5 e6 7. Qd2 a6 8. 0-0-0 Bd7 9. f4 h6 10. Bh4 b5 11. Bxf6 gxf6 12. Kb1 Qb6 13. Nxc6 Bxc6 14. f5 b4 15. Ne2 e5 16. Ng3 Qc5 17. Bd3 h5 18. h4 Bh6 19. Qe2 Qe3 20. Nxh5 Ke7 21. Qf1 Bxe4 22. Rg1 b3 23. axb3 Rac8 24. g4 Rxc2 25. Kxc2 Rc8+ 26. Kb1 Rc1+ 27. Ka2 Bxd3 28. Qe1 Rc2 29. Qb4 Qf2 30. Ka1 Rxb2 31. Qb7+ Kd8 32. Qb8+ Ke7 33. Qb7+ Kd8 1/2-1/2

[Event "FICGS rapid A 000233 email"]
[Site "FICGS email"]
[Date "2019.02.21"]
[Round "1"]
[White "Cookson, Timothy"]
[Black "Rita, Giacomo"]
[Result "1-0"]
[WhiteElo "2110"]
[BlackElo "1969"]
[PlyCount "153"]
[EventDate "2019.??.??"]
[EventType "tourn (rapid)"]
[EventRounds "6"]
[SourceTitle "Corr 2022"]
[Source "ChessBase"]
[SourceDate "2021.10.24"]
[SourceVersion "1"]
[SourceVersionDate "2021.10.24"]
[SourceQuality "1"]

1. e4 c5 2. Nf3 d6 3. d4 cxd4 4. Nxd4 Nf6 5. Nc3 a6 6. Bg5 e6 7. f4 b5 8. e5 dxe5 9. fxe5 Qc7 10. exf6 Qe5+ 11. Be2 Qxg5 12. 0-0 Ra7 13. Qd3 Qe5 14. Ne4 Rd7 15. Nf3 Qc7 16. Qe3 Qa7 17. Qxa7 Rxa7 18. Nfg5 g6 19. c4 h6 20. Nf3 Bb7 21. cxb5 Bxe4 22. Rac1 Kd8 23. Ne5 Rc7 24. b6 Rxc1 25. Rxc1 Rh7 26. Rc4 Bd5 27. Rc7 Bd6 28. Nxf7+ Rxf7 29. Rxf7 Bc5+ 30. Kf1 Bxb6 31. Rg7 Nd7 32. Rxg6 Bxa2 33. Bxa6 e5 34. Bb5 h5 35. Rh6 Be6 36. b3 Bd4 37. Bc4 Bxc4+ 38. bxc4 Ke8 39. Ke2 Kf7 40. Rh7+ Ke6 41. f7 Bc5 42. Rxh5 Nf6 43. Rh8 Kxf7 44. Rc8 Be7 45. h4 Ke6 46. c5 Kd7 47. Rh8 Bxc5 48. h5 e4 49. h6 Nh5 50. Kd1 Bd4 51. Rg8 Nf6 52. Rg7+ Ke6 53. h7 Nxh7 54. Rxh7 Kf5 55. Re7 Kf4 56. Ke2 Bc5 57. Rg7 Bd6 58. g3+ Kf5 59. Rg8 Be7 60. Rc8 Kg4 61. Kf2 Bd6 62. Kg2 Be5 63. Rc6 Bb2 64. Rc4 Kf5 65. Rc2 Bd4 66. Rc1 Ke5 67. Rf1 Be3 68. g4 Bf4 69. Rf2 Be3 70. Rf5+ Ke6 71. Kf1 Bc1 72. Ke2 Bh6 73. Rc5 Kf6 74. Rc6+ Kg7 75. Re6 Bg5 76. Rxe4 Kf6 77. Rc4 1-0

[Event "FICGS class A 000159 email"]
[Site "FICGS email"]
[Date "2015.02.01"]
[Round "1"]
[White "Cookson, Timothy"]
[Black "Ortiz, Clodomiro"]
[Result "1/2-1/2"]
[WhiteElo "2068"]
[BlackElo "2119"]
[PlyCount "65"]
[EventDate "2015.??.??"]
[EventType "tourn (corr)"]
[EventRounds "6"]
[SourceTitle "Corr 2022"]
[Source "ChessBase"]
[SourceDate "2021.10.24"]
[SourceVersion "1"]
[SourceVersionDate "2021.10.24"]
[SourceQuality "1"]

1. e4 e5 2. Nf3 Nc6 3. Bb5 a6 4. Ba4 Nf6 5. 0-0 Be7 6. Re1 b5 7. Bb3 0-0 8. c3 d6 9. h3 Nb8 10. d4 Nbd7 11. Nbd2 c5 12. Bc2 exd4 13. cxd4 Re8 14. d5 a5 15. b3 Nb6 16. Nf1 Ba6 17. Ne3 g6 18. Bb2 Bf8 19. a3 Bg7 20. Qb1 Rc8 21. Bc3 a4 22. bxa4 Nxa4 23. Bxa4 bxa4 24. Nd2 Nd7 25. Bxg7 Kxg7 26. Qb2+ Qf6 27. Qxf6+ Kxf6 28. Nec4 Bxc4 29. Nxc4 Ke7 30. f4 Rb8 31. e5 dxe5 32. fxe5 f6 33. exf6+ 1/2-1/2

[Event "RF-2015-0-00218"]
[Site "LSS email"]
[Date "2015.01.23"]
[Round "?"]
[White "Shim Ng Min, Francis"]
[Black "Cookson, Timothy"]
[Result "0-1"]
[WhiteElo "1262"]
[BlackElo "1000"]
[PlyCount "38"]
[EventDate "2015.01.04"]
[EventType "tourn (corr)"]
[EventRounds "6"]
[EventCountry "GER"]
[SourceTitle "Corr 2022"]
[Source "ChessBase"]
[SourceDate "2021.10.24"]
[SourceVersion "1"]
[SourceVersionDate "2021.10.24"]
[SourceQuality "1"]

1. e4 c5 2. Nf3 d6 3. d4 cxd4 4. Nxd4 Nf6 5. Nc3 Nc6 6. Bg5 e6 7. Qd2 a6 8. 0-0-0 Bd7 9. f4 h6 10. Bh4 b5 11. Nxc6 Bxc6 12. e5 dxe5 13. Qe2 Qc7 14. fxe5 Nd7 15. Bg3 Nc5 16. Qf2 b4 17. Ne2 b3 18. axb3 Nxb3+ 19. Kb1 Qa5 0-1

[Event "RF-2015-0-00218"]
[Site "LSS email"]
[Date "2015.01.22"]
[Round "?"]
[White "Kalinin, Vyacheslav"]
[Black "Cookson, Timothy"]
[Result "0-1"]
[WhiteElo "1393"]
[BlackElo "1000"]
[PlyCount "52"]
[EventDate "2015.01.04"]
[EventType "tourn (corr)"]
[EventRounds "6"]
[EventCountry "GER"]
[SourceTitle "Corr 2022"]
[Source "ChessBase"]
[SourceDate "2021.10.24"]
[SourceVersion "1"]
[SourceVersionDate "2021.10.24"]
[SourceQuality "1"]

1. c4 e5 2. Nc3 Nf6 3. Nf3 Nc6 4. d4 exd4 5. Nxd4 Bb4 6. Bg5 h6 7. Bh4 0-0 8. Nc2 Bxc3+ 9. bxc3 d6 10. e3 Ne5 11. Nd4 Ng6 12. Bg3 Re8 13. Be2 Ne4 14. Qb3 c5 15. Nc2 Nh4 16. Bf3 Nxf3+ 17. gxf3 Ng5 18. 0-0-0 Qf6 19. Rxd6 Qxf3 20. Rhd1 Bg4 21. R1d5 Ne4 22. Qxb7 Nd2 23. Rxd2 Qxb7 24. R6d5 Qb6 25. R2d3 Be2 26. Rd6 Bxd3 0-1

[Event "RF-2015-0-00218"]
[Site "LSS email"]
[Date "2015.01.22"]
[Round "?"]
[White "Pons, Francisco"]
[Black "Cookson, Timothy"]
[Result "0-1"]
[WhiteElo "1269"]
[BlackElo "1000"]
[PlyCount "44"]
[EventDate "2015.01.04"]
[EventType "tourn (corr)"]
[EventRounds "6"]
[EventCountry "GER"]
[SourceTitle "Corr 2022"]
[Source "ChessBase"]
[SourceDate "2021.10.24"]
[SourceVersion "1"]
[SourceVersionDate "2021.10.24"]
[SourceQuality "1"]

1. e4 c5 2. Nf3 d6 3. d4 cxd4 4. Nxd4 Nf6 5. Nc3 Nc6 6. f3 e5 7. Nb3 Be7 8. Be3 0-0 9. Qd2 a5 10. Bb5 Na7 11. Be2 Nc6 12. 0-0-0 a4 13. Na1 a3 14. b3 Be6 15. Nd5 Bxd5 16. exd5 Nd4 17. Bxd4 exd4 18. Qxd4 Nd7 19. Kb1 Bf6 20. Qb4 Rc8 21. Qxa3 Qe7 22. Bc4 Qe5 0-1

[Event "FICGS rapid M 000071 email"]
[Site "FICGS email"]
[Date "2014.04.18"]
[Round "1"]
[White "Cookson, Timothy"]
[Black "Demchenko, Sergey Pavlovich"]
[Result "0-1"]
[WhiteElo "2223"]
[BlackElo "2135"]
[PlyCount "86"]
[EventDate "2014.??.??"]
[EventType "tourn (rapid)"]
[EventRounds "6"]
[SourceTitle "Corr 2022"]
[Source "ChessBase"]
[SourceDate "2021.10.24"]
[SourceVersion "1"]
[SourceVersionDate "2021.10.24"]
[SourceQuality "1"]

1. e4 c5 2. Nf3 d6 3. d4 cxd4 4. Nxd4 Nf6 5. Nc3 g6 6. Be3 Bg7 7. f3 0-0 8. Qd2 Nc6 9. Bc4 Bd7 10. Bb3 Na5 11. 0-0-0 Nxb3+ 12. cxb3 a6 13. Bh6 b5 14. Bxg7 Kxg7 15. Kb1 h5 16. Rhe1 b4 17. Nd5 Nxd5 18. exd5 a5 19. Rc1 Re8 20. Nc6 Bxc6 21. dxc6 Qc7 22. Qd4+ Kg8 23. g4 h4 24. Rc2 Rac8 25. g5 e5 26. Qd5 Qd8 27. Rec1 Qxg5 28. Qxa5 Qf5 29. Qd5 e4 30. fxe4 Qxe4 31. Qxe4 Rxe4 32. Rd2 Kf8 33. Rxd6 Ke7 34. Rcd1 f6 35. a4 Re5 36. Rd7+ Ke6 37. R7d4 Rxc6 38. Rxh4 Rb6 39. Rg4 g5 40. h4 Kf5 41. Rc4 Re4 42. Rc5+ Re5 43. Rf1+ Ke6 0-1

[Event "FICGS rapid M 000071 email"]
[Site "FICGS email"]
[Date "2014.04.18"]
[Round "1"]
[White "Cookson, Timothy"]
[Black "Sanchez, Carlos Fernando"]
[Result "0-1"]
[WhiteElo "2223"]
[BlackElo "2168"]
[PlyCount "52"]
[EventDate "2014.??.??"]
[EventType "tourn (rapid)"]
[EventRounds "6"]
[SourceTitle "Corr 2022"]
[Source "ChessBase"]
[SourceDate "2021.10.24"]
[SourceVersion "1"]
[SourceVersionDate "2021.10.24"]
[SourceQuality "1"]

1. e4 c5 2. Nf3 d6 3. d4 cxd4 4. Nxd4 Nf6 5. Nc3 a6 6. Be3 e5 7. Nb3 Be6 8. f3 h5 9. Qd2 Nbd7 10. Nd5 Bxd5 11. exd5 g6 12. Be2 Bg7 13. 0-0 b6 14. c4 0-0 15. Rae1 Qc7 16. Kh1 Rab8 17. g4 hxg4 18. fxg4 a5 19. g5 Ne4 20. Qc2 Nec5 21. Nd2 e4 22. Rf4 Rbe8 23. b3 Re5 24. Ref1 Qd8 25. Rg4 Rfe8 26. Qb1 Nd3 0-1

[Event "FICGS W-ch st2 g05 email"]
[Site "FICGS email"]
[Date "2013.07.30"]
[Round "1"]
[White "Cookson, Timothy"]
[Black "Bakhmatov, Andrey"]
[Result "1/2-1/2"]
[WhiteElo "2253"]
[BlackElo "2152"]
[PlyCount "61"]
[EventDate "2013.??.??"]
[EventType "tourn (corr)"]
[EventRounds "8"]
[SourceTitle "Corr 2022"]
[Source "ChessBase"]
[SourceDate "2021.10.24"]
[SourceVersion "1"]
[SourceVersionDate "2021.10.24"]
[SourceQuality "1"]

1. e4 e5 2. Nf3 Nc6 3. Bb5 a6 4. Ba4 Nf6 5. 0-0 b5 6. Bb3 Bb7 7. Re1 Bc5 8. c3 d6 9. d4 Bb6 10. a4 h6 11. Be3 Ng4 12. Bd5 Nxe3 13. fxe3 0-0 14. Qd3 bxa4 15. Nbd2 Qb8 16. Nc4 Na5 17. Nxa5 Bxa5 18. Rxa4 Bb6 19. Bxb7 Qxb7 20. dxe5 dxe5 21. Nxe5 Rfe8 22. Nc4 Rad8 23. Qc2 Qc6 24. e5 Rd5 25. Qe4 a5 26. Qf3 Qb5 27. Rf1 Rd7 28. Rfa1 c6 29. Nxb6 Qxb6 30. Rxa5 Qxb2 31. Ra8 1/2-1/2

[Event "FICGS class M 000064 email"]
[Site "FICGS email"]
[Date "2013.07.13"]
[Round "1"]
[White "Bleker, Frits"]
[Black "Cookson, Timothy"]
[Result "1/2-1/2"]
[WhiteElo "2312"]
[BlackElo "2253"]
[PlyCount "56"]
[EventDate "2013.??.??"]
[EventType "tourn (corr)"]
[EventRounds "6"]
[SourceTitle "Corr 2022"]
[Source "ChessBase"]
[SourceDate "2021.10.24"]
[SourceVersion "1"]
[SourceVersionDate "2021.10.24"]
[SourceQuality "1"]

1. e4 c5 2. Nf3 Nc6 3. d4 cxd4 4. Nxd4 Nf6 5. Nc3 d6 6. Bg5 a6 7. Qd2 e6 8. 0-0-0 Bd7 9. f4 h6 10. Bh4 b5 11. Bxf6 gxf6 12. Kb1 h5 13. h4 Qb6 14. Nce2 Rc8 15. Rh3 b4 16. Rd3 a5 17. Ng3 Nxd4 18. Rxd4 Rc3 19. Qe1 Be7 20. f5 e5 21. Rd5 Rc7 22. b3 Rc3 23. R5d3 Rxd3 24. Rxd3 a4 25. Be2 Bb5 26. Rd2 Bxe2 27. Qxe2 a3 28. Rd5 Qg1+ 1/2-1/2

[Event "FICGS class M 000064 email"]
[Site "FICGS email"]
[Date "2013.07.13"]
[Round "1"]
[White "Cookson, Timothy"]
[Black "Markus, Roland"]
[Result "1/2-1/2"]
[WhiteElo "2253"]
[BlackElo "2223"]
[PlyCount "76"]
[EventDate "2013.??.??"]
[EventType "tourn (corr)"]
[EventRounds "6"]
[SourceTitle "Corr 2022"]
[Source "ChessBase"]
[SourceDate "2021.10.24"]
[SourceVersion "1"]
[SourceVersionDate "2021.10.24"]
[SourceQuality "1"]

1. e4 c6 2. d4 d5 3. Nc3 dxe4 4. Nxe4 Bf5 5. Ng3 Bg6 6. h4 h6 7. Nf3 Nd7 8. h5 Bh7 9. Bd3 Bxd3 10. Qxd3 e6 11. Bf4 Qa5+ 12. Bd2 Bb4 13. Ne4 Ngf6 14. Nd6+ Ke7 15. Nxb7 Bxd2+ 16. Nxd2 Qb4 17. Qb3 Qxd4 18. 0-0-0 Rab8 19. Qa3+ c5 20. Na5 Rhc8 21. Ndc4 Qxf2 22. Rdf1 Qe2 23. Qg3 Kf8 24. Nd6 Qa6 25. Nxc8 Rxc8 26. Qa3 Kg8 27. b3 Nxh5 28. Rf3 Nhf6 29. Nc4 Qc6 30. Rd1 Ra8 31. Qa5 Nb6 32. Ne5 Qc7 33. Re1 Rd8 34. c4 Rd4 35. Rfe3 Nh5 36. g3 Nf6 37. R1e2 Kh7 38. Kb1 Kg8 1/2-1/2

[Event "RF-2013-0-00160"]
[Site "LSS email"]
[Date "2013.07.12"]
[Round "?"]
[White "Cookson, Timothy"]
[Black "Zwaneveld, Ansel"]
[Result "1-0"]
[WhiteElo "1000"]
[BlackElo "1077"]
[PlyCount "35"]
[EventDate "2013.05.27"]
[EventType "tourn (corr)"]
[EventRounds "6"]
[EventCountry "GER"]
[SourceTitle "Corr 2015"]
[Source "ChessBase"]
[SourceDate "2015.07.17"]
[SourceVersion "1"]
[SourceVersionDate "2015.07.17"]
[SourceQuality "1"]

1. e4 Nf6 2. e5 Nd5 3. d4 d6 4. Nf3 Nc6 5. c4 Nb6 6. e6 fxe6 7. Nc3 g6 8. h4 Bg7 9. Be3 e5 10. d5 Nb8 11. Ng5 0-0 12. h5 Bf5 13. Nxh7 gxh5 14. Qxh5 Bxh7 15. Qxh7+ Kf7 16. Be2 Rh8 17. Bh5+ Kf8 18. Qf5+ 1-0

[Event "RF-2013-0-00160"]
[Site "LSS email"]
[Date "2013.07.10"]
[Round "?"]
[White "Feng, Jason"]
[Black "Cookson, Timothy"]
[Result "0-1"]
[WhiteElo "888"]
[BlackElo "1000"]
[PlyCount "66"]
[EventDate "2013.05.27"]
[EventType "tourn (corr)"]
[EventRounds "6"]
[EventCountry "GER"]
[SourceTitle "Telechess CBM 163"]
[Source "ChessBase"]
[SourceDate "2014.11.11"]
[SourceVersion "2"]
[SourceVersionDate "2014.11.11"]
[SourceQuality "1"]

1. e4 c5 2. Nf3 Nc6 3. Bb5 e6 4. Bxc6 bxc6 5. 0-0 Ne7 6. d3 Ng6 7. Be3 d5 8. exd5 cxd5 9. c3 Bd6 10. d4 c4 11. Nbd2 Qc7 12. h3 0-0 13. Qe2 Rb8 14. b3 f5 15. Ng5 h6 16. Ngf3 f4 17. bxc4 fxe3 18. fxe3 Ba6 19. Qd1 Bxc4 20. Nxc4 Qxc4 21. Qd2 Rbc8 22. Rfc1 e5 23. dxe5 Nxe5 24. Nd4 Nd3 25. Rc2 Rf2 26. Qd1 Bg3 27. Rxf2 Bxf2+ 28. Kh1 Bxe3 29. Qf3 Qxc3 30. Qxd5+ Kh8 31. Nb3 Nf2+ 32. Kh2 Bf4+ 33. g3 Qxg3# 0-1

[Event "OP-2013-0-02871"]
[Site "LSS email"]
[Date "2013.07.09"]
[Round "?"]
[White "Cookson, Timothy"]
[Black "Kramskoi, Vasyl"]
[Result "1-0"]
[WhiteElo "1000"]
[BlackElo "857"]
[PlyCount "84"]
[EventDate "2013.07.06"]
[EventType "tourn (corr)"]
[EventRounds "4"]
[EventCountry "GER"]
[SourceTitle "Telechess CBM 163"]
[Source "ChessBase"]
[SourceDate "2014.11.11"]
[SourceVersion "2"]
[SourceVersionDate "2014.11.11"]
[SourceQuality "1"]

1. e4 c5 2. Nf3 e6 3. d4 cxd4 4. Nxd4 a6 5. Nc3 Qc7 6. Bd3 d6 7. 0-0 g6 8. Bf4 e5 9. Nd5 Qd8 10. Be3 exd4 11. Bxd4 f6 12. Bb6 Qd7 13. Bc4 Qc6 14. Nc7+ Ke7 15. Qd5 Qxd5 16. Bxd5 Nc6 17. Nxa8 Nb4 18. c3 Nxd5 19. exd5 Kf7 20. Rfe1 Ne7 21. Rad1 Bg4 22. Rd4 h5 23. h3 Bf5 24. f3 Bh6 25. Nc7 Bd7 26. Rde4 Nc8 27. Bd4 Bf5 28. Re8 Rxe8 29. Rxe8 Ne7 30. Rd8 Bf4 31. c4 b5 32. g4 hxg4 33. hxg4 Bd3 34. Ne6 Bh6 35. Rxd6 Bxc4 36. Nc7 Bg5 37. b3 Be2 38. Kf2 Bd3 39. Rxa6 b4 40. d6 Bxa6 41. dxe7 Kxe7 42. Nxa6 Kd6 1-0

[Event "FICGS W-ch st1 gN 01 email"]
[Site "FICGS email"]
[Date "2012.11.01"]
[Round "1"]
[White "Alcala, Alvin"]
[Black "Cookson, Timothy"]
[Result "1/2-1/2"]
[WhiteElo "2237"]
[BlackElo "2183"]
[PlyCount "58"]
[EventDate "2012.??.??"]
[EventType "tourn (corr)"]
[EventRounds "6"]
[SourceTitle "Corr 2022"]
[Source "ChessBase"]
[SourceDate "2021.10.24"]
[SourceVersion "1"]
[SourceVersionDate "2021.10.24"]
[SourceQuality "1"]

1. c4 e5 2. Nc3 Nf6 3. g3 d5 4. cxd5 Nxd5 5. Bg2 Nb6 6. e3 Nc6 7. Nge2 Bd6 8. 0-0 0-0 9. d4 exd4 10. Nxd4 Nxd4 11. exd4 Re8 12. Be3 Nc4 13. Bd5 Nb6 14. Be4 h6 15. Qf3 c6 16. d5 c5 17. Nb5 Nc4 18. Rfe1 Ne5 19. Qg2 a6 20. Nxd6 Qxd6 21. Rac1 b6 22. Bf4 Ra7 23. Bxe5 Rxe5 24. f4 Re8 25. Bf3 Rae7 26. Rxe7 Qxe7 27. Qd2 a5 28. Rd1 Bd7 29. Kf2 a4 1/2-1/2

[Event "FICGS W-ch st1 gN 01 email"]
[Site "FICGS email"]
[Date "2012.11.01"]
[Round "1"]
[White "Cookson, Timothy"]
[Black "Kokoryukin, Sergey"]
[Result "1-0"]
[WhiteElo "2183"]
[BlackElo "2181"]
[PlyCount "39"]
[EventDate "2012.??.??"]
[EventType "tourn (corr)"]
[EventRounds "6"]
[SourceTitle "Corr 2022"]
[Source "ChessBase"]
[SourceDate "2021.10.24"]
[SourceVersion "1"]
[SourceVersionDate "2021.10.24"]
[SourceQuality "1"]

1. e4 g6 2. d4 Bg7 3. Nc3 a6 4. Nf3 d6 5. Bc4 Nf6 6. Qe2 c6 7. 0-0 0-0 8. e5 Nd5 9. Re1 dxe5 10. Nxe5 Nd7 11. Nf3 N7b6 12. Bb3 Bg4 13. Nxd5 Nxd5 14. c3 a5 15. a4 e6 16. h3 Bxf3 17. Qxf3 Qf6 18. Qe4 Rac8 19. Bc4 Qd8 20. Qf3 1-0

[Event "FICGS W-ch st1 gN 01 email"]
[Site "FICGS email"]
[Date "2012.11.01"]
[Round "1"]
[White "Larwinski, Paul"]
[Black "Cookson, Timothy"]
[Result "1/2-1/2"]
[WhiteElo "2162"]
[BlackElo "2183"]
[PlyCount "39"]
[EventDate "2012.??.??"]
[EventType "tourn (corr)"]
[EventRounds "6"]
[SourceTitle "Corr 2022"]
[Source "ChessBase"]
[SourceDate "2021.10.24"]
[SourceVersion "1"]
[SourceVersionDate "2021.10.24"]
[SourceQuality "1"]

1. e4 c5 2. Nf3 d6 3. d4 cxd4 4. Nxd4 Nf6 5. Nc3 Nc6 6. Bg5 a6 7. Qd3 Bd7 8. 0-0-0 e6 9. Kb1 h6 10. Bh4 Be7 11. f4 0-0 12. Nf3 Qb6 13. e5 dxe5 14. fxe5 Nd5 15. Nxd5 exd5 16. Qxd5 Bxh4 17. Qe4 Rfd8 18. Qxh4 Nb4 19. Bc4 Nxc2 20. Rd6 1/2-1/2

[Event "FICGS rapid M 000054 email"]
[Site "FICGS email"]
[Date "2012.05.18"]
[Round "1"]
[White "Fric, Lubos"]
[Black "Cookson, Timothy"]
[Result "1/2-1/2"]
[WhiteElo "2196"]
[BlackElo "2175"]
[PlyCount "59"]
[EventDate "2012.??.??"]
[EventType "tourn (rapid)"]
[EventRounds "6"]
[SourceTitle "Corr 2022"]
[Source "ChessBase"]
[SourceDate "2021.10.24"]
[SourceVersion "1"]
[SourceVersionDate "2021.10.24"]
[SourceQuality "1"]

1. d4 Nf6 2. c4 e6 3. Nf3 d5 4. cxd5 exd5 5. Nc3 c6 6. Bf4 Bd6 7. Bxd6 Qxd6 8. e3 Bf5 9. Nh4 Bg6 10. Qb3 b5 11. Nxg6 hxg6 12. h3 0-0 13. Bd3 a5 14. 0-0 a4 15. Qc2 a3 16. bxa3 Rxa3 17. Nb1 Ra7 18. Rc1 Rd8 19. a4 Na6 20. Qd1 Nb4 21. Be2 Ne4 22. Nc3 Nxc3 23. Rxc3 Rda8 24. Rca3 g5 25. Qb3 Rxa4 26. Rxa4 Rxa4 27. Rxa4 bxa4 28. Qxa4 g6 29. Qa8+ Kg7 30. Bf3 1/2-1/2

[Event "FICGS rapid M 000052 email"]
[Site "FICGS email"]
[Date "2012.03.22"]
[Round "1"]
[White "Cookson, Timothy"]
[Black "Soszynski, Marek J"]
[Result "1/2-1/2"]
[WhiteElo "2148"]
[BlackElo "2101"]
[PlyCount "50"]
[EventDate "2012.??.??"]
[EventType "tourn (rapid)"]
[EventRounds "6"]
[SourceTitle "Corr 2022"]
[Source "ChessBase"]
[SourceDate "2021.10.24"]
[SourceVersion "1"]
[SourceVersionDate "2021.10.24"]
[SourceQuality "1"]

1. e3 Nf6 2. c4 b6 3. Nf3 Bb7 4. d4 e6 5. Bd3 d5 6. Nc3 Bd6 7. 0-0 0-0 8. b3 Nbd7 9. Bb2 c5 10. cxd5 exd5 11. Bf5 Re8 12. Rc1 Qe7 13. Nb5 Bb8 14. Re1 h6 15. Nc3 Bd6 16. Re2 Rad8 17. Rec2 a6 18. a4 Ne4 19. g3 Ndf6 20. Qe2 Rb8 21. Nxe4 dxe4 22. Nd2 g6 23. Bh3 Nd5 24. Nc4 cxd4 25. Bxd4 Bc7 1/2-1/2